000 00455nam a2200145Ia 4500
008 220216s9999 xx 000 0 und d
100 _aThomas
245 0 _aEstimation of rubber growth potency at several locations in West Nusa Tenggara by using moisture index
260 _bIndonesian Journal of Natural Rubber Research
_c1996
300 _a53-55
650 _aHevea brasiliensis
650 _aMoisture index
650 _aRubber growth
942 _cJS
999 _c58834
_d58834